[Event "10th Sharjah Cup Women 2020"]
[Site "Sharjah"]
[Date "2020.01.06"]
[Round "3.23"]
[White "Al-Fayyadh, Zainab Asif Abdulah"]
[Black "Mission, Cheryll Rosales"]
[Result "1/2-1/2"]
[WhiteElo "1646"]
[BlackElo "1135"]
[Annotator "NA"]
[PlyCount "118"]
[EventDate "2020.01.04"]
[EventType "swiss"]
[EventCountry "UAE"]
[SourceTitle "playchess.com"]
[Source "ChessBase"]
[SourceQuality "1"]
[TimeControl "5400+30"]

1. e4 {[%emt 0:00:00]} e6 {[%emt 0:10:46]} 2. d4 {[%emt 0:00:00]} d5 {[%emt 0:00:08]} 3. e5 {[%emt 0:00:00]} c5 {[%emt 0:00:06]} 4. c3 {[%emt 0:00:00]} c4 {[%emt 0:01:35]} 5. Nf3 {[%emt 0:00:25]} a6 {[%emt 0:00:09]} 6. Be2 {[%emt 0:00:18]} b5 {[%emt 0:00:08]} 7. O-O {[%emt 0:00:12]} h6 {[%emt 0:00:04]} 8. b3 {[%emt 0:00:30]} Ne7 {[%emt 0:00:06]} 9. a4 {[%emt 0:00:21]} Bb7 {[%emt 0:00:11]} 10. Na3 {[%emt 0:00:42]} Nf5 {[%emt 0:00:23]} 11. axb5 {[%emt 0:02:11]} axb5 {[%emt 0:01:06]} 12. Bb2 {[%emt 0:01:27]} Bc6 {[%emt 0:00:11]} 13. h3 {[%emt 0:05:13]} Be7 {[%emt 0:00:17]} 14. Nh2 {[%emt 0:00:29]} O-O {[%emt 0:00:33]} 15. Bg4 {[%emt 0:00:28]} Nh4 {[%emt 0:00:53]} 16. b4 {[%emt 0:00:48]} Nd7 {[%emt 0:00:35]} 17. f4 {[%emt 0:00:59]} Nb6 {[%emt 0:02:19]} 18. Nf3 {[%emt 0:02:13]} Na4 {[%emt 0:00:39]} 19. Qc2 {[%emt 0:01:53]} Nf5 {[%emt 0:01:39]} 20. Bc1 {[%emt 0:00:54]} Ng3 {[%emt 0:00:15]} 21. Re1 {[%emt 0:02:48]} Ne4 {[%emt 0:00:14]} 22. Bb2 {[%emt 0:01:50]} Bh4 {[%emt 0:00:59]} 23. Rf1 {[%emt 0:02:44]} Bg3 {[%emt 0:00:54]} 24. Nd2 {[%emt 0:01:38]} f5 {[%emt 0:02:16]} 25. exf6 {[%emt 0:04:36]} Rxf6 {[%emt 0:00:17]} 26. Nxe4 {[%emt 0:01:21]} dxe4 {[%emt 0:00:14]} 27. Bc1 {[%emt 0:02:08]} Qb6 {[%emt 0:00:45]} 28. Be3 {[%emt 0:00:54]} Raf8 {[%emt 0:01:03]} 29. Qd2 {[%emt 0:00:38]} Bd5 {[%emt 0:00:15]} 30. Bd1 {[%emt 0:01:37]} Ra8 {[%emt 0:02:00]} 31. Bc2 {[%emt 0:04:57]} Qc6 {[%emt 0:01:25]} 32. Ra2 {[%emt 0:02:02]} Nb6 {[%emt 0:00:29]} 33. Qe2 {[%emt 0:06:12]} Rg6 {[%emt 0:02:23]} 34. Qh5 {[%emt 0:02:45]} Qe8 {[%emt 0:04:48]} 35. Kh1 {[%emt 0:03:21]} Na4 {[%emt 0:03:09]} 36. Nxb5 {[%emt 0:01:54]} Qxb5 {[%emt 0:01:39]} 37. Qxg6 {[%emt 0:00:28]} Nxc3 {[%emt 0:00:12]} 38. Rxa8+ {[%emt 0:01:18]} Bxa8 {[%emt 0:00:18]} 39. Qxg3 {[%emt 0:01:07]} Ne2 {[%emt 0:01:21]} 40. Qg4 {[%emt 0:01:04]} c3 {[%emt 0:00:32]} 41. Qxe6+ {[%emt 0:01:07]} Kh8 {[%emt 0:00:10]} 42. Qc8+ {[%emt 0:00:27]} Kh7 {[%emt 0:00:08]} 43. Qxa8 {[%emt 0:00:13]} Ng3+ {[%emt 0:00:18]} 44. Kg1 {[%emt 0:04:57]} Qxf1+ {[%emt 0:03:57]} 45. Kh2 {[%emt 0:00:29]} Qe1 {[%emt 0:00:40]} 46. Bxe4+ {[%emt 0:03:20]} Nxe4 {[%emt 0:00:15]} 47. Qxe4+ {[%emt 0:00:05]} Kg8 {[%emt 0:00:09]} 48. d5 {[%emt 0:02:19]} c2 {[%emt 0:00:15]} 49. Qe6+ {[%emt 0:00:32]} Kh7 {[%emt 0:00:30]} 50. Qf5+ {[%emt 0:01:16]} Kg8 {[%emt 0:00:10]} 51. Qc8+ {[%emt 0:00:16]} Kh7 {[%emt 0:00:06]} 52. Qxc2+ {[%emt 0:00:15]} Kg8 {[%emt 0:00:12]} 53. Bc5 {[%emt 0:00:49]} Qf1 {[%emt 0:00:22]} 54. Qf5 {[%emt 0:00:18]} Qc1 {[%emt 0:00:46]} 55. d6 {[%emt 0:00:27]} Qd2 {[%emt 0:00:33]} 56. d7 {[%emt 0:00:17]} Kh8 {[%emt 0:00:38]} 57. Be7 {[%emt 0:00:19]} g6 {[%emt 0:00:37]} 58. Qf8+ {[%emt 0:00:21]} Kh7 {[%emt 0:00:08]} 59. Qf7+ {[%emt 0:00:10]} Kh8 {[%emt 0:00:11]} 1/2-1/2

[Event "10th Sharjah Cup Women 2020"]
[Site "Sharjah"]
[Date "2020.01.07"]
[Round "4.1"]
[White "Bulmaga, Irina"]
[Black "Zimina, Olga"]
[Result "1-0"]
[WhiteElo "2446"]
[BlackElo "2367"]
[Annotator "RC"]
[PlyCount "71"]
[EventDate "2020.01.04"]
[EventType "swiss"]
[EventCountry "UAE"]
[SourceTitle "playchess.com"]
[Source "ChessBase"]
[SourceQuality "1"]
[TimeControl "5400+30"]

1. e4 {[%emt 0:00:00]} c5 {[%emt 0:00:00]} 2. Nf3 {[%emt 0:00:00]} e6 {[%emt 0:00:00]} 3. d4 {[%emt 0:00:12]} cxd4 {[%emt 0:00:00]} 4. Nxd4 {[%emt 0:00:05]} Nf6 {[%emt 0:00:00]} 5. Nc3 {[%emt 0:00:43]} Nc6 {[%emt 0:00:00]} 6. Ndb5 {[%emt 0:01:00]} Bb4 {[%emt 0:00:46]} 7. a3 {[%emt 0:00:08]} Bxc3+ {[%emt 0:00:06]} 8. Nxc3 {[%emt 0:00:05]} d5 {[%emt 0:00:05]} 9. Bd3 {[%emt 0:05:54]} dxe4 {[%emt 0:00:25]} 10. Nxe4 {[%emt 0:00:05]} Nxe4 {[%emt 0:00:04]} 11. Bxe4 {[%emt 0:00:05]} Qxd1+ {[%emt 0:00:04]} 12. Kxd1 {[%emt 0:00:05]} Bd7 {[%emt 0:00:04]} 13. Be3 {[%emt 0:01:24]} f5 {[%emt 0:04:09]} 14. Bd3 {[%emt 0:00:06]} e5 {[%emt 0:00:13]} 15. f3 {[%emt 0:00:16]} Kf7 {[%emt 0:00:42]} 16. b3 {[%emt 0:01:59]} h5 {[%emt 0:13:44]} 17. Kc1 {[%emt 0:11:15]} f4 {[%emt 0:11:02]} 18. Bf2 {[%emt 0:01:59]} Kf6 {[%emt 0:00:04]} 19. Rd1 {[%emt 0:07:19]} Rhd8 {[%emt 0:00:46]} 20. Kb2 {[%emt 0:04:47]} Bf5 {[%emt 0:03:10]} 21. Bxf5 {[%emt 0:01:09]} Kxf5 {[%emt 0:00:06]} 22. c4 {[%emt 0:00:11]} g5 {[%emt 0:02:04]} 23. Kc3 {[%emt 0:05:16]} g4 {[%emt 0:01:59]} 24. b4 {[%emt 0:03:44]} b6 {[%emt 0:06:50]} 25. a4 {[%emt 0:14:04]} g3 {[%emt 0:27:33]} 26. hxg3 {[%emt 0:01:18]} fxg3 {[%emt 0:00:02]} 27. Bxg3 {[%emt 0:10:49]} Rg8 {[%emt 0:01:48]} 28. Bh4 {[%emt 0:00:12]} a5 {[%emt 0:00:34]} 29. Rd6 {[%emt 0:07:56]} axb4+ {[%emt 0:00:21]} 30. Kd3 {[%emt 0:01:41]} e4+ {[%emt 0:02:13]} 31. Ke3 {[%emt 0:01:22]} exf3 {[%emt 0:00:30]} 32. Rf6+ {[%emt 0:00:14]} Ke5 {[%emt 0:00:29]} 33. gxf3 {[%emt 0:00:13]} Rg3 {[%emt 0:01:20]} 34. Rxc6 {[%emt 0:00:08]} Rh3 {[%emt 0:00:04]} 35. Rd1 {[%emt 0:01:12]} Ra5 {[%emt 0:00:31]} 36. Rg1 {[%emt 0:00:06] Kd5 Ke4+} 1-0

[Event "10th Sharjah Cup Women 2020"]
[Site "Sharjah"]
[Date "2020.01.07"]
[Round "4.2"]
[White "Dordzhieva, Dinara"]
[Black "Assaubayeva, Bibisara"]
[Result "1-0"]
[WhiteElo "2326"]
[BlackElo "2375"]
[Annotator "RC"]
[PlyCount "125"]
[EventDate "2020.01.04"]
[EventType "swiss"]
[EventCountry "UAE"]
[SourceTitle "playchess.com"]
[Source "ChessBase"]
[SourceQuality "1"]
[TimeControl "5400+30"]

1. d4 {[%emt 0:00:00]} d5 {[%emt 0:00:00]} 2. c4 {[%emt 0:00:00]} c6 {[%emt 0:00:00]} 3. Nf3 {[%emt 0:00:00]} Nf6 {[%emt 0:00:13]} 4. g3 {[%emt 0:00:00]} Bf5 {[%emt 0:02:13]} 5. Nc3 {[%emt 0:00:01]} dxc4 {[%emt 0:00:07]} 6. Ne5 {[%emt 0:03:40]} Be6 {[%emt 0:05:04]} 7. e4 {[%emt 0:12:25]} g6 {[%emt 0:09:04]} 8. a4 {[%emt 0:08:46]} Bg7 {[%emt 0:03:48]} 9. Nxc4 {[%emt 0:02:57]} O-O {[%emt 0:04:32]} 10. Ne3 {[%emt 0:02:10]} Qd7 {[%emt 0:04:40]} 11. e5 {[%emt 0:11:05]} Nd5 {[%emt 0:02:02]} 12. Bg2 {[%emt 0:06:20]} Nxe3 {[%emt 0:02:04]} 13. Bxe3 {[%emt 0:00:14]} a5 {[%emt 0:01:30]} 14. h4 {[%emt 0:04:38]} h5 {[%emt 0:04:15]} 15. f4 {[%emt 0:11:20]} Na6 {[%emt 0:02:25]} 16. d5 {[%emt 0:03:24]} cxd5 {[%emt 0:04:55]} 17. Nxd5 {[%emt 0:00:11]} Rad8 {[%emt 0:01:48]} 18. Nb6 {[%emt 0:01:52]} Qc7 {[%emt 0:00:15]} 19. Qc1 {[%emt 0:01:38]} Qb8 {[%emt 0:00:19]} 20. O-O {[%emt 0:01:31]} Nb4 {[%emt 0:03:30]} 21. Qc5 {[%emt 0:01:40]} Bf5 {[%emt 0:05:42]} 22. Rad1 {[%emt 0:05:33]} f6 {[%emt 0:05:30]} 23. exf6 {[%emt 0:11:09]} Bxf6 {[%emt 0:01:03]} 24. Qxa5 {[%emt 0:00:24]} Nc6 {[%emt 0:06:04]} 25. Qb5 {[%emt 0:00:55]} Kh7 {[%emt 0:04:53]} 26. Nd5 {[%emt 0:02:01]} Bg7 {[%emt 0:00:25]} 27. Bb6 {[%emt 0:00:40]} Rd7 {[%emt 0:00:23]} 28. Ne3 {[%emt 0:04:04]} Rxd1 {[%emt 0:07:34]} 29. Rxd1 {[%emt 0:00:07]} e5 {[%emt 0:00:51]} 30. Nxf5 {[%emt 0:00:47]} gxf5 {[%emt 0:00:11]} 31. Rd7 {[%emt 0:02:54]} exf4 {[%emt 0:00:59]} 32. Qe2 {[%emt 0:00:52]} Kg6 {[%emt 0:04:03]} 33. Bf3 {[%emt 0:00:28]} fxg3 {[%emt 0:01:06]} 34. Bxh5+ {[%emt 0:00:07]} Kh6 {[%emt 0:00:41]} 35. Bf7 {[%emt 0:01:11]} Rxf7 {[%emt 0:07:54]} 36. Rxf7 {[%emt 0:00:03]} Qe5 {[%emt 0:01:01]} 37. Qxe5 {[%emt 0:00:37]} Nxe5 {[%emt 0:00:02]} 38. Rxf5 {[%emt 0:01:10]} Nc4 {[%emt 0:00:05]} 39. a5 {[%emt 0:01:46]} Bxb2 {[%emt 0:00:22]} 40. Kg2 {[%emt 0:00:27]} Be5 {[%emt 0:01:52]} 41. Rf7 {[%emt 0:00:30]} Bc3 {[%emt 0:01:25]} 42. Rf5 {[%emt 0:00:38]} Be1 {[%emt 0:00:57]} 43. Rb5 {[%emt 0:00:37]} Kg6 {[%emt 0:01:21]} 44. Rc5 {[%emt 0:00:34]} Ne3+ {[%emt 0:01:02]} 45. Kf3 {[%emt 0:00:05]} Nf5 {[%emt 0:00:06]} 46. h5+ {[%emt 0:00:37]} Kf6 {[%emt 0:00:04]} 47. Bd8+ {[%emt 0:00:45]} Ke6 {[%emt 0:00:01]} 48. Rc1 {[%emt 0:00:30]} Bf2 {[%emt 0:00:52]} 49. Rb1 {[%emt 0:00:17]} Nd6 {[%emt 0:02:58]} 50. Bc7 {[%emt 0:00:34]} Nf5 {[%emt 0:00:18]} 51. Bd8 {[%emt 0:00:18]} Nd6 {[%emt 0:00:07]} 52. Bb6 {[%emt 0:00:35]} Nc4 {[%emt 0:00:17]} 53. Rb5 {[%emt 0:00:47]} Nxb6 {[%emt 0:01:14]} 54. axb6 {[%emt 0:00:33]} Kf7 {[%emt 0:00:10]} 55. Rg5 {[%emt 0:00:30]} Bxb6 {[%emt 0:00:17]} 56. h6 {[%emt 0:00:18]} Bd4 {[%emt 0:00:23]} 57. h7 {[%emt 0:00:12]} Ke6 {[%emt 0:00:12]} 58. Rg8 {[%emt 0:00:34]} b5 {[%emt 0:00:08]} 59. Re8+ {[%emt 0:00:22]} Kd7 {[%emt 0:00:17]} 60. h8=Q {[%emt 0:00:11]} Bxh8 {[%emt 0:00:05]} 61. Rxh8 {[%emt 0:00:02]} Kc6 {[%emt 0:00:18]} 62. Rh5 {[%emt 0:00:12]} Kb6 {[%emt 0:00:12]} 63. Kxg3 {[%emt 0:00:18]} 1-0

[Event "10th Sharjah Cup Women 2020"]
[Site "Sharjah"]
[Date "2020.01.07"]
[Round "4.3"]
[White "Gong, Qianyun"]
[Black "Li, Xueyi"]
[Result "1/2-1/2"]
[WhiteElo "2371"]
[BlackElo "2307"]
[Annotator "TA"]
[PlyCount "32"]
[EventDate "2020.01.04"]
[EventType "swiss"]
[EventCountry "UAE"]
[SourceTitle "playchess.com"]
[Source "ChessBase"]
[SourceQuality "1"]

{[%evp 31,32,0,7]} 1. c4 c6 2. d4 d5 3. cxd5 cxd5 4. Nf3 Nf6 5. Nc3 Nc6 6. Bf4 Bf5 7. e3 e6 8. Bd3 Bxd3 9. Qxd3 Bd6 10. Bxd6 Qxd6 11. O-O O-O 12. Rfc1 Rac8 13. Nb5 $146 ({Predecessor:} 13. Ne2 Ne7 14. Rxc8 Rxc8 15. Rc1 Rxc1+ 16. Nxc1 h6 17. h3 a6 18. Ne2 Qc7 19. Qc3 Qxc3 20. Nxc3 Kf8 {½-½ (20) Korobov,A (2652)-Jobava,B (2690) Villorba 2018}) 13... Qb8 14. Nc3 Qd6 15. Nb5 Qb8 16. Nc3 Qd6 1/2-1/2

[Event "10th Sharjah Cup Women 2020"]
[Site "Sharjah"]
[Date "2020.01.07"]
[Round "4.4"]
[White "Sukandar, Irine Kharisma"]
[Black "Michelle Catherina, P."]
[Result "1-0"]
[WhiteElo "2402"]
[BlackElo "2143"]
[Annotator "TA"]
[PlyCount "99"]
[EventDate "2020.01.04"]
[EventType "swiss"]
[EventCountry "UAE"]
[SourceTitle "playchess.com"]
[Source "ChessBase"]
[SourceQuality "1"]

{[%evp 14,99,5,-14,4,0,0,0,0,0,5,0,25,31,25,29,27,-4,0,0,0,0,2,-25,19,-14,-14,-14,-14,-14,-15,-17,68,68,61,73,80,67,119,118,180,178,170,180,168,172,192,175,174,157,210,208,275,283,357,308,345,241,319,0,307,248,397,381,384,386,433,420,423,300,295,310,289,291,339,338,372,290,282,298,614,605,587,583,753,754,4798,4798]} 1. e4 e5 2. Nf3 Nc6 3. d4 exd4 4. Nxd4 Nf6 5. Nxc6 bxc6 6. e5 Qe7 7. Qe2 Nd5 8. h4 f6 {C45: Scotch Game} (8... Qe6 {with more complications.} 9. c4 Nb6 10. Nd2 Be7 11. b3 O-O) 9. exf6 Qxe2+ 10. Bxe2 Nxf6 {The position is equal.} 11. Nc3 Bb4 12. Bd2 Bb7 $146 ({Predecessor:} 12... d5 13. O-O-O Be6 14. f3 O-O 15. h5 Bd6 16. Na4 {1-0 (31) Granda Zuniga,J (2630)-Ninov,N (2455) Ulcinj 1998}) 13. a3 Be7 14. O-O-O O-O-O 15. Be3 c5 16. Bf4 Rhf8 17. f3 Nh5 18. Bh2 Bxh4 19. Bg1 Bg5+ 20. Kb1 Ng3 21. Rxh7 {Strongly threatening Bd3.} Nxe2 22. Nxe2 Bh6 (22... Rde8 $11 23. Nc1 d6) 23. Bxc5 $14 {[%mdl 64] [#] Double Attack} d6 24. Bd4 $36 {[%mdl 2048] Black is under strong pressure.} Rd7 25. Ng3 c5 (25... Re7 $14) 26. Bc3 $16 Bf4 (26... Bc6 $16 {was worth a try.} 27. Nh5 Rg8) 27. Rxg7 $18 d5 28. Rxd7 Kxd7 29. Ne4 Rc8 30. Nf6+ Kd6 31. Bd2 Be5 (31... Bxd2 $16 32. Rxd2 d4) 32. Ng4 Bg3 33. Rh1 {Hoping for Rh3.} Kc6 34. Rh6+ Kb5 35. Rh7 Kc6 36. Rh6+ Kb5 37. b3 {[%csl Gb3][%cal Ra3a4]} Bc6 (37... Rc6 $142 38. Rh7 Bc8) 38. a4+ Kb6 39. Ne3 Kb7 40. Nf5 Be5 41. Re6 Bb8 42. Ne7 Bd7 43. Re1 ({Weaker is} 43. Nxc8 Bxe6 44. Ne7 Bd6 $16) 43... Rh8 44. Nxd5 Rh2 45. Nf6 Bc6 46. Re7+ Kb6 $2 (46... Ka8 47. Re6 Kb7) 47. a5+ {[%cal Ba4a5,Ba5a6][%mdl 32] White is clearly winning.} Ka6 48. Re6 Kb7 {[#]} 49. a6+ $1 Kb6 (49... Kxa6 50. Rxc6+) 50. Nd7+ {Accuracy: White = 64%, Black = 40%.} 1-0

[Event "10th Sharjah Cup Women 2020"]
[Site "Sharjah"]
[Date "2020.01.07"]
[Round "4.5"]
[White "Kubicka, Anna"]
[Black "Socko, Monika"]
[Result "0-1"]
[WhiteElo "2258"]
[BlackElo "2413"]
[Annotator "RC"]
[PlyCount "98"]
[EventDate "2020.01.04"]
[EventType "swiss"]
[EventCountry "UAE"]
[SourceTitle "playchess.com"]
[Source "ChessBase"]
[SourceQuality "1"]
[TimeControl "5400+30"]

1. e4 {[%emt 0:00:00]} e5 {[%emt 0:00:00]} 2. Nf3 {[%emt 0:00:31]} Nc6 {[%emt 0:00:00]} 3. Bb5 {[%emt 0:00:22]} a6 {[%emt 0:00:00]} 4. Ba4 {[%emt 0:00:04]} Nf6 {[%emt 0:00:12]} 5. O-O {[%emt 0:00:06]} Be7 {[%emt 0:00:25]} 6. Re1 {[%emt 0:00:05]} b5 {[%emt 0:00:21]} 7. Bb3 {[%emt 0:00:04]} d6 {[%emt 0:00:36]} 8. c3 {[%emt 0:00:05]} O-O {[%emt 0:00:47]} 9. h3 {[%emt 0:00:05]} Na5 {[%emt 0:00:13]} 10. Bc2 {[%emt 0:00:05]} c5 {[%emt 0:00:28]} 11. d4 {[%emt 0:00:05]} Nd7 {[%emt 0:00:13]} 12. Nbd2 {[%emt 0:00:20]} exd4 {[%emt 0:00:53]} 13. cxd4 {[%emt 0:00:05]} Nc6 {[%emt 0:00:09]} 14. a4 {[%emt 0:01:06]} Bb7 {[%emt 0:04:34]} 15. d5 {[%emt 0:00:54]} Nce5 {[%emt 0:00:30]} 16. Nxe5 {[%emt 0:00:09]} Nxe5 {[%emt 0:00:07]} 17. f4 {[%emt 0:00:04]} Nd7 {[%emt 0:00:59]} 18. Nf3 {[%emt 0:00:11]} Re8 {[%emt 0:00:24]} 19. e5 {[%emt 0:07:35]} dxe5 {[%emt 0:00:04]} 20. fxe5 {[%emt 0:00:31]} c4 {[%emt 0:00:24]} 21. Bf4 {[%emt 0:24:30]} g6 {[%emt 0:20:43]} 22. Kh2 {[%emt 0:13:24]} Bf8 {[%emt 0:12:29]} 23. e6 {[%emt 0:33:59]} fxe6 {[%emt 0:01:30]} 24. Ng5 {[%emt 0:00:20]} Bxd5 {[%emt 0:08:09]} 25. axb5 {[%emt 0:00:16]} Bd6 {[%emt 0:12:53]} 26. Bxd6 {[%emt 0:09:28]} Qxg5 {[%emt 0:00:13]} 27. Be4 {[%emt 0:01:14]} axb5 {[%emt 0:13:15]} 28. Rxa8 {[%emt 0:01:23]} Rxa8 {[%emt 0:00:40]} 29. Bxd5 {[%emt 0:00:16]} Qxd5 {[%emt 0:03:53]} 30. Qxd5 {[%emt 0:00:05]} exd5 {[%emt 0:00:02]} 31. Re7 {[%emt 0:00:11]} Ra7 {[%emt 0:01:12]} 32. Bc5 {[%emt 0:00:41]} Rb7 {[%emt 0:01:05]} 33. Bd4 {[%emt 0:00:09]} b4 {[%emt 0:00:35]} 34. Rg7+ {[%emt 0:04:39]} Kf8 {[%emt 0:00:03]} 35. Rxh7 {[%emt 0:00:05]} c3 {[%emt 0:02:14]} 36. bxc3 {[%emt 0:00:03]} b3 {[%emt 0:00:06]} 37. c4 {[%emt 0:00:10]} dxc4 {[%emt 0:00:05]} 38. h4 {[%emt 0:01:41]} Ke8 {[%emt 0:00:52]} 39. Rh8+ {[%emt 0:00:06]} Nf8 {[%emt 0:01:52]} 40. Bb2 {[%emt 0:00:41]} Rb5 {[%emt 0:07:12]} 41. g4 {[%emt 0:02:24]} Kf7 {[%emt 0:03:47]} 42. h5 {[%emt 0:00:19]} gxh5 {[%emt 0:00:25]} 43. Rxh5 {[%emt 0:01:58]} Rxh5+ {[%emt 0:01:11]} 44. gxh5 {[%emt 0:00:02]} Ne6 {[%emt 0:00:20]} 45. Kg3 {[%emt 0:00:18]} Nc5 {[%emt 0:00:03]} 46. h6 {[%emt 0:01:01]} Kg6 {[%emt 0:00:11]} 47. Kf3 {[%emt 0:00:16]} Na4 {[%emt 0:00:39]} 48. Ba3 {[%emt 0:01:15]} c3 {[%emt 0:00:28]} 49. Ke2 {[%emt 0:00:11]} b2 {[%emt 0:00:08]} 0-1

[Event "10th Sharjah Cup Women 2020"]
[Site "Sharjah"]
[Date "2020.01.07"]
[Round "4.6"]
[White "Khukhashvili, Sopiko"]
[Black "Gevorgyan, Irina"]
[Result "1/2-1/2"]
[WhiteElo "2343"]
[BlackElo "2216"]
[Annotator "TA"]
[PlyCount "45"]
[EventDate "2020.01.04"]
[EventType "swiss"]
[EventCountry "UAE"]
[SourceTitle "playchess.com"]
[Source "ChessBase"]
[SourceQuality "1"]

{[%evp 10,45,30,30,61,33,35,39,28,35,42,39,23,12,23,20,27,23,19,0,11,0,0,0,0,0,0,-69,0,-27,-27,-77,-82,-95,0,-99,-97,-104]} 1. e4 c5 2. Nf3 e6 3. d4 cxd4 4. Nxd4 a6 5. Bd3 Qc7 6. Qe2 Bd6 {B42: Sicilian: Kan Variation: 5 Bd3} (6... d6 7. b3 Nf6 8. Bb2 Be7 9. Nd2 O-O 10. c4 b6 11. f4 Nbd7 12. O-O Bb7 13. Rae1 Rad8 14. Bc2 g6 15. e5 dxe5 16. fxe5 Nh5 17. N2f3 Ng7 18. Kh1 Rfe8 19. Qe3 f5 20. exf6 Bxf6 {1-0 (28) Bartel,M (2627)-Petr,M (2526) Czechia 2012}) 7. Nf3 Nc6 8. O-O Nf6 {White is slightly better.} 9. h3 O-O $146 ({Predecessor:} 9... Ne5 10. Nxe5 Bxe5 11. Nd2 d5 12. exd5 Nxd5 13. Re1 Bf6 14. Ne4 Be7 {1-0 (28) Baba,M (2233)-Trifoni,G (1661) Rocca Priora 2012}) 10. c4 Ne5 11. Nc3 Nxf3+ 12. Qxf3 Be5 13. Be3 d6 14. Na4 Nd7 15. Rac1 Nc5 16. Nxc5 dxc5 17. Qe2 Rd8 18. f4 (18. Rcd1 $11) 18... Bd4 (18... Bxb2 $1 $15 19. Qxb2 Rxd3) 19. Bxd4 Rxd4 20. f5 f6 21. Rc3 Bd7 (21... Qe5 $17) 22. Bb1 (22. fxe6 $11 Bxe6 {[#]} 23. e5 $1 {[%mdl 512]} fxe5 24. Re1) 22... Qe5 $17 {aiming for ...exf5.} 23. Qf2 {Accuracy: White = 35%, Black = 71%.} 1/2-1/2

[Event "10th Sharjah Cup Women 2020"]
[Site "Sharjah"]
[Date "2020.01.07"]
[Round "4.7"]
[White "Asatryan, Sona"]
[Black "Radeva, Viktoria"]
[Result "1-0"]
[WhiteElo "2085"]
[BlackElo "2338"]
[Annotator "TA"]
[PlyCount "83"]
[EventDate "2020.01.04"]
[EventType "swiss"]
[EventCountry "UAE"]
[SourceTitle "playchess.com"]
[Source "ChessBase"]
[SourceQuality "1"]

{[%evp 9,83,25,41,29,57,38,32,41,60,61,64,64,68,59,52,30,32,29,55,19,108,103,181,167,181,145,341,327,424,418,368,229,219,219,356,352,279,343,319,338,334,313,401,401,407,388,419,402,694,681,825,852,833,826,689,761,1037,1025,1163,636,2864,2777,2209,2008,1705,1341,1064,700,842,831,985,982,29997,29998,29998,29999]} 1. e4 e6 2. d4 d5 3. Bd3 c5 4. exd5 Qxd5 (4... exd5 5. Nf3 Nf6 6. O-O c4 7. Re1+ Be7 8. Be2 O-O 9. b3 cxb3 10. axb3 Nc6 11. c3 Re8 12. Nbd2 Bd6 13. Bd3 Bg4 14. Rxe8+ Qxe8 {0-1 (52) Fontaine,R (2563)-Carlsen,M (2834) chess.com INT 2018}) 5. Nc3 Qd8 6. Nf3 {C01: French: Exchange Variation} Nf6 7. Be3 cxd4 8. Nxd4 {White is slightly better.} Be7 9. Qf3 O-O 10. O-O $146 ({Predecessor:} 10. O-O-O Nbd7 11. Qg3 Qa5 12. Ndb5 {0-1 (43) Lucas,A (2301)-Fournier,L (2024) Hyeres 2019}) 10... Nbd7 11. Qg3 Nc5 12. Be2 Bd6 13. Qh4 Bd7 14. Rad1 {Nb3 is the strong threat.} Qb8 (14... Nfe4 $11 {keeps the balance.} 15. Qxd8 Rfxd8) 15. b4 $16 Na4 (15... Be7 $16) 16. Nxa4 $1 $18 Bxa4 17. Bd3 $1 h6 $2 {[#]} (17... Be7 $16 {keeps fighting.}) 18. Bxh6 $1 {[%mdl 512]} Bxh2+ (18... gxh6 19. Qxf6) 19. Kh1 $1 gxh6 20. Qxf6 {Intending Nxe6! and mate.} Qf4 {[#]} 21. Qe7 $1 $40 {[%mdl 128] White goes for the king.} Bc6 (21... Rae8 $142 22. Qxb7 Qc7) 22. Nxc6 Rae8 23. Qxb7 {Hoping for g3.} Qh4 24. g3 Bxg3+ 25. Kg2 Bd6 26. Rg1 Kh8 {( -> ...Qg4+)} 27. Kf1 Qh3+ 28. Ke2 e5 (28... Qh5+ $142 29. Ke3 Qh3+ 30. Ke2 Qh5+ 31. Ke3 Qh3+ 32. f3 Qh2 33. Qxa7 Bf4+ 34. Kd4 Bg3) 29. Qxa7 e4 30. Qd4+ f6 31. Qxd6 exd3+ 32. Kd2 Qf3 33. Qxd3 Qxc6 34. Qg6 {[%cal Rg6h6]} Qd6+ {[#]} 35. Kc3 $1 {[%cal Rg6h6]} Rc8+ {[#]} 36. Kb3 $1 {[%cal Rg6h6]} Qe6+ 37. Kb2 {[%cal Rg6h6]} Rf7 38. Qxh6+ Rh7 39. Qd2 {White wants to mate with Qd8+!} Qe5+ 40. Kb1 {Threatening mate with Qd8+!} Qe4 {[#]} 41. Qd8+ $1 {[%mdl 576] Double Attack} Qe8 (41... Rxd8 42. Rxd8+) 42. Qxf6+ {Accuracy: White = 84%, Black = 33%.} 1-0

[Event "10th Sharjah Cup Women 2020"]
[Site "Sharjah"]
[Date "2020.01.07"]
[Round "4.8"]
[White "Rapport, Jovana"]
[Black "Kiolbasa, Oliwia"]
[Result "1-0"]
[WhiteElo "2333"]
[BlackElo "2196"]
[Annotator "TA"]
[PlyCount "67"]
[EventDate "2020.01.04"]
[EventType "swiss"]
[EventCountry "UAE"]
[SourceTitle "playchess.com"]
[Source "ChessBase"]
[SourceQuality "1"]

{[%evp 17,67,50,46,30,40,41,28,44,28,-14,49,28,37,36,59,66,87,88,121,132,118,130,127,120,111,120,118,67,90,77,288,298,537,525,526,483,485,450,608,568,744,738,5979,5010,2222,947,29985,29986,29992,29990,29990,29991]} 1. c4 c5 2. Nf3 Nc6 3. d4 cxd4 4. Nxd4 g6 5. e4 Bg7 6. Be3 Nf6 7. Nc3 d6 8. Be2 O-O 9. O-O Bd7 10. Qd3 {B38: Sicilian: Maroczy Bind with 5...Bg7 and 7...0-0} (10. Qd2 Nxd4 11. Bxd4 Bc6 12. Bd3 a5 13. Rfe1 Ng4 14. Be2 e5 15. Be3 Nxe3 16. Qxe3 Bf6 17. Red1 Bg5 18. Qg3 Bf4 19. Qd3 Qb6 20. Rab1 Rfd8 {½-½ (49) Rapport,R (2726)-Ponomariov,R (2663) Germany 2019}) 10... Ng4 $146 ({Predecessor:} 10... Nxd4 11. Bxd4 Bc6 12. f3 Nd7 13. Be3 a5 14. Nd5 Nc5 15. Rab1 Bxd5 16. exd5 Qb6 17. g3 Rfc8 {½-½ (48) Biolek,R (2454)-Novak,P (2345) Litomysl 2005}) 11. Nxc6 bxc6 12. Bxg4 {White has an edge.} Bxg4 13. b4 {[%cal Bb2b4,Bb4b5][%mdl 32]} c5 ({Black should try} 13... f5 $11) 14. b5 Be6 15. a4 Qa5 16. Bd2 f5 17. Nd5 fxe4 18. Qxe4 (18. Bxa5 $2 {perishes.} exd3 19. Nc7 Bxa1 $19) ({Don't play} 18. Nxe7+ $6 Kf7 $11) 18... Qxd2 19. Qxe6+ {[%mdl 64] Double Attack} Kh8 20. Rad1 Qc2 21. Rc1 $36 {[%mdl 2048] White has strong initiative.} ({Don't go for} 21. Nxe7 $2 Rxf2 $3 {[%mdl 512]} 22. Qxd6 Rxf1+ 23. Rxf1 Bd4+ 24. Kh1 Qe2 $19) 21... Qxa4 22. Nc7 ({Better is} 22. Qxe7 $16 Rad8 23. Qe2) 22... Rac8 23. Qxe7 {Hoping for Ne6!} Be5 $2 {[#]} (23... Bb2 $16 {is a better defense.}) 24. Ne6 $1 $18 {[%cal Re6f8]} Rfe8 $2 (24... Rce8 25. Qd7 Rxe6 26. Qxe6 Qa5) 25. Qd7 Qa5 26. Rce1 {Strongly threatening Rxe5!} Rcd8 27. Nxd8 Rxd8 28. Qf7 {Threatens to win with f4.} Qd2 29. f4 Qd4+ 30. Kh1 Bf6 {[#]} 31. f5 (31. Re4 $142 $1 {[%mdl 512]} Qxe4 32. Qxf6+ {[%mdl 64] Double Attack} Kg8 33. Qxd8+ Kf7 34. Ra1) 31... g5 32. Re6 {White mates.} Be5 33. Re7 {[%csl Ge7][%cal Rf7h7]} Qh4 {[#]} 34. Rxe5 $1 {[%mdl 576] Remove Defender. Accuracy: White = 70%, Black = 31%.} 1-0